000
00323nam a2200133Ia 4500
005
20251218184123.0
008
251218s9999 xx 000 0 und d
020
_a
8440432356
082
_a
340.9/M26
100
_a
Marín López, Antonio
245
0
_a
Derecho Internacional Privado Español
250
_a
7ma.ed.
942
_c
LIB
999
_c
85
_d
85